banner koha

Análise da fragilidade do cromossomo sexual x induzida por afidicolina em bovinos Holando-uruguayo (Holstein-friesian) (Registro n. 169256)

MARC details
000 -LÍDER
campo de controle de tamanho fixo 01036nas a2200313 4500
001 - NÚMERO DE CONTROLE
campo de controle BR0200694
003 - IDENTIFICADOR DO NÚMERO DE CONTROLE
campo de controle BR-BrBNA
005 - DATA E HORÁRIO DA ÚLTIMA TRANSAÇÃO
campo de controle 20231205102754.0
007 - CAMPO FIXO DE DESCRIÇÃO FÍSICA--INFORMAÇÃO GERAL
campo de controle de tamanho fixo ta
008 - CAMPO DE DADOS FIXOS--INFORMAÇÃO GERAL
campo de controle de tamanho fixo 230509b bl.|||p| |||| 00| 00por d
040 ## - FONTE DA CATALOGAÇÃO
Instituição da catalogação original BR-BrBNA
Idioma da catalogação por
Instituição que transcreveu o registro Biblioteca Nacional de Agricultura
041 ## - CÓDIGO DE IDIOMA
Código do idioma do texto/trilha sonora ou título diferente (Pt)
072 ## - CÓDIGO DE CATEGORIA DE ASSUNTO
Código de Categoria de Assunto L10; L70
100 1# - ENTRADA PRINCIPAL--NOME PESSOAL
Nome pessoal Rodriguez, V.
100 1# - ENTRADA PRINCIPAL--NOME PESSOAL
Nome pessoal Llambi, S.
100 1# - ENTRADA PRINCIPAL--NOME PESSOAL
Nome pessoal Guevara, K.
100 1# - ENTRADA PRINCIPAL--NOME PESSOAL
Nome pessoal Postiglioni, A.
100 1# - ENTRADA PRINCIPAL--NOME PESSOAL
Nome pessoal Arruga, M.V.
111 1# - ENTRADA PRINCIPAL--NOME DO EVENTO
Nome do evento ou lugar 14. Congresso Brasileiro de Reprodução Animal
Local do evento Belo Horizonte, MG (Brazil)
Data do evento ou assinatura do tratado 1-5 Aug 2001
245 1# - TÍTULO
Título Análise da fragilidade do cromossomo sexual x induzida por afidicolina em bovinos Holando-uruguayo (Holstein-friesian)
650 ## - ASSUNTO--TERMO TÓPICO
Cabeçalho tópico ou nome geográfico BOVINO
650 ## - ASSUNTO--TERMO TÓPICO
Cabeçalho tópico ou nome geográfico CROMOSSOMA
650 ## - ASSUNTO--TERMO TÓPICO
Cabeçalho tópico ou nome geográfico CITOGENÉTICA
650 ## - ASSUNTO--TERMO TÓPICO
Cabeçalho tópico ou nome geográfico MEDICAMENTO
650 ## - ASSUNTO--TERMO TÓPICO
Cabeçalho tópico ou nome geográfico INDUÇÃO
773 0# - ENTRADA ANALÍTICA
Título Revista Brasileira de Reprodução Animal (Brazil)
ISSN - International Standard Serial Number ISSN 0102-0803
Partes relacionadas (Jul-Sep 2001), v. 25(3) p. 482-484
Número de controle do registro BR0200694
909 ## -
-- 202311
-- Lúcia
-- 55
-- Lúcia Elande
942 ## - ELEMENTOS DE ENTRADA ADICIONADOS (KOHA)
Fonte da classificação ou esquema de arquivamento na estante Classificação AGRIS
Ocultar no OPAC Não
Tipo de material Koha Analítica
Exemplares
Situação do descarte Fonte da classificação ou esquema de arquivamento na estante Situação física Não pode ser emprestado Biblioteca de origem Biblioteca atual Localização na estante Enumeração do periódico / cronologia Total de empréstimos Data de último acesso Número do exemplar Tipo de material Koha Fonte de aquisição
  Classificação AGRIS   Consulta local Biblioteca Nacional de Agricultura - Binagri Biblioteca Nacional de Agricultura - Binagri   (Jul-Sep 2001), v. 25(3) p. 482-484   29/11/2023 01 Periódicos Portaria Interministerial nº 164/94

BINAGRI

Telefone: (61)3218-2567/2388/3357/2097 - binagri@agro.gov.br

Ministério da Agricultura e Pecuária , Esplanada dos Ministérios, Bloco D, Anexo B, Brasília/DF, CEP: 70.043-900